| 000 | 00692nam a2200217 u 4500 | ||
|---|---|---|---|
| 005 | 20210223131951.0 | ||
| 008 | 121122s2000 es r 000 0 spa d | ||
| 020 | _a8430595503 | ||
| 035 | _aUPN01000188876 | ||
| 049 | _aI | ||
| 050 | 4 |
_aQM33 _bW3.4 |
|
| 100 | 1 |
_aWalker, Richard, _d1951- _933823 |
|
| 245 | 1 | 0 |
_aEnciclopedia del cuerpo humano / _cRichard Walker ; tr. Pilar Tutor. |
| 260 |
_aMadrid : _bSusaeta, _c[2000?]. |
||
| 300 |
_a112 p. : _bil. col. |
||
| 534 |
_pTÃtulo original: _tFirst encyclopedia of the human body |
||
| 650 | 4 |
_aANATOMIA HUMANA - _vENCICLOPEDIAS _914781 |
|
| 650 | 4 |
_aANATOMIA HUMANA - _vLITERATURA INFANTIL _9577 |
|
| 905 | _aInfantil | ||
| 999 |
_c160979 _d160979 |
||